书目信息 |
| 题名: |
党员干部修养手册
|
|
| 作者: | 成云雷 著 | |
| 分册: | 廉政篇 | |
| 出版信息: | 济南 山东人民出版社 2019 |
|
| 页数: | 200页 | |
| 开本: | 19cm | |
| 丛书名: | 党员干部修养手册系列 | |
| 单 册: | ||
| 中图分类: | D262.3 , D261.3 | |
| 科图分类: | ||
| 主题词: | ||
| 电子资源: | ||
| ISBN: | 978-7-209-11928-3 | |
| 000 | 01071nam0 2200277 450 | |
| 001 | 012024000111 | |
| 005 | 20241025215849.0 | |
| 010 | @a978-7-209-11928-3@dCNY25.00 | |
| 100 | @a20241025d2019 em y0chiy50 ea | |
| 101 | 0 | @achi |
| 102 | @aCN@b370000 | |
| 105 | @ay z 000yy | |
| 106 | @ar | |
| 200 | 1 | @a党员干部修养手册@ADang Yuan Gan Bu Xiu Yang Shou Ce@i廉政篇@f成云雷著 |
| 210 | @a济南@c山东人民出版社@d2019 | |
| 215 | @a200页@d19cm | |
| 225 | 2 | @a党员干部修养手册系列@ADang Yuan Gan Bu Xiu Yang Shou Ce Xi Lie@v4 |
| 330 | @a本书分十四个版块,涵盖思想、制度,人格、习俗等诸多方面,具体细分为清廉为官、清白传家、廉史留痕、超越权力、刚正不阿、廉贪之间、节操修养等板块。 | |
| 410 | 0 | @12001 @a党员干部修养手册系列 |
| 601 | 02 | @a中国共产党@AZhong Guo Gong Chan Dang@x干部@x思想修养@j手册 |
| 601 | 02 | @a中国共产党@AZhong Guo Gong Chan Dang@x廉政建设@x干部教育@j手册 |
| 690 | @aD262.3@v5 | |
| 690 | @aD261.3@v5 | |
| 701 | 0 | @a成云雷@ACheng Yun Lei@f(1968-)@4著 |
| 801 | 0 | @aCN@bAHXH@c20241025 |
| 905 | @b214158427@b214158418@b214158409@f3@dD262.3@e2128 | |
| 党员干部修养手册.廉政篇/成云雷著.-济南:山东人民出版社,2019 |
| 200页;19cm.-(党员干部修养手册系列;4) |
| ISBN 978-7-209-11928-3:CNY25.00 |
| 本书分十四个版块,涵盖思想、制度,人格、习俗等诸多方面,具体细分为清廉为官、清白传家、廉史留痕、超越权力、刚正不阿、廉贪之间、节操修养等板块。 |
| ● |
| 相关链接 |
|
|
|
|
正题名:党员干部修养手册
索取号:D262.3/2128
 
预约/预借
| 序号 | 登录号 | 条形码 | 馆藏地/架位号 | 状态 | 备注 |
| 1 | 1415840 | 214158409 | 第一样本阅览室/ [索取号:D262.3/2128] | 在馆 | |
| 2 | 1415841 | 214158418 | 第一借阅区/ [索取号:D262.3/2128] | 在馆 | |
| 3 | 1415842 | 214158427 | 第一借阅区/ [索取号:D262.3/2128] | 在馆 |